| 000 | 00542nam a2200181Ia 4500 | ||
|---|---|---|---|
| 003 | IN-BaIIA | ||
| 008 | 211028s9999 xx 000 0 eng d | ||
| 020 | _a978-3-540-21148-8 | ||
| 040 | _cIIA Library | ||
| 080 |
_a538.9(058) _bADV-44 |
||
| 245 | 0 |
_aAdvances in solid state physics _bvol. 44 _cedited by Bernhard Kramer |
|
| 260 |
_aBerlin _bSpringer _c2004 |
||
| 300 | _axx, 565p. | ||
| 650 |
_aPhysics _973 |
||
| 650 | _aSolid state physics | ||
| 700 |
_aKramer, Bernhard., ed. _932146 |
||
| 942 | _cBK | ||
| 999 |
_c17088 _d17088 |
||